000 00341nam a2200133Ia 4500
008 231129s1984||||xx |||||||||||||| ||spa||
040 _bspa
082 _a808.819 V426
100 _aCirculo de Lectores
245 0 _aLos 25.000 mejores versos de la lengua castellana
260 _c1984
264 _aCirculo de Lectores
942 _2ddc
_cBKS
999 _c19449
_d19449